<?xml version="1.0" encoding="utf-8"?>
<?xml-stylesheet type='text/xsl' href='./oai2.xsl'?>
<OAI-PMH xmlns="http://www.openarchives.org/OAI/2.0/" xmlns:xsi="http://www.w3.org/2001/XMLSchema-instance" xsi:schemaLocation="http://www.openarchives.org/OAI/2.0/ http://www.openarchives.org/OAI/2.0/OAI-PMH.xsd">
  <responseDate>2026-05-16T02:09:55Z</responseDate>
  <request verb="GetRecord" metadataPrefix="marcxml" identifier="record_kuniweb_1376748">https://kulturerbe.niedersachsen.de/oai</request>
  <GetRecord>
    <record>
      <header>
        <identifier>record_kuniweb_1376748</identifier>
        <datestamp>2026-03-31T19:09:18Z</datestamp>
        <setSpec>slg0120</setSpec>
      </header>
      <metadata>
        <marc:record xmlns:marc="http://www.loc.gov/MARC21/slim" xsi:schemaLocation="http://www.loc.gov/MARC21/slim http://www.loc.gov/standards/marcxml/schema/MARC21slim.xsd">
          <marc:leader>12345nrm  22     uu 4500</marc:leader>
          <marc:controlfield tag="001">1376748</marc:controlfield>
          <marc:controlfield tag="003">http://kuniweb.gbv.de</marc:controlfield>
          <marc:controlfield tag="005">2020-08-28T11:32:01</marc:controlfield>
          <marc:controlfield tag="008">|           ||||||||||||||||||||||</marc:controlfield>
          <marc:datafield tag="245" ind1="1" ind2="0">
            <marc:subfield code="a">Bierhumpen / Westerwälder Steinzeug</marc:subfield>
          </marc:datafield>
          <marc:datafield tag="655" ind1=" " ind2="7">
            <marc:subfield code="a">Alltagskultur</marc:subfield>
          </marc:datafield>
          <marc:datafield tag="046" ind1=" " ind2=" ">
            <marc:subfield code="k">1780</marc:subfield>
            <marc:subfield code="k">ca. 1780 - ca. 1800</marc:subfield>
            <marc:subfield code="l">1800</marc:subfield>
          </marc:datafield>
          <marc:datafield tag="260" ind1=" " ind2=" ">
            <marc:subfield code="g">1780</marc:subfield>
            <marc:subfield code="g">1800</marc:subfield>
            <marc:subfield code="g">ca. 1780 - ca. 1800</marc:subfield>
          </marc:datafield>
          <marc:datafield tag="300" ind1=" " ind2=" ">
            <marc:subfield code="a">Höhe: 25,5 cm (mit Deckel)
Durchmesser: 11 cm (Boden)
Höhe: 20 cm (ohne Deckel)</marc:subfield>
          </marc:datafield>
          <marc:datafield tag="520" ind1=" " ind2=" ">
            <marc:subfield code="a">Bierhumpen, Westerwälder Steinzeug, zylindrisch, mit Bandhenkel und Deckelfalz. Wandung leicht schräg gerieft (Kammstrich). Rand und Mündung von Punktriehe begleitet, gegenüber Henkel figürliche Verzierung: Fantasie-Vogel (Doppeladler?) In Umrissen eingeritzt, anschließend mit blauer Farbe/Engobe  ausgefüllt. Die blaue Farbe ist beim Brand fast schwarz geworden.
Zinndeckel mit Klappscharnier, angegossen, mit profiliertem Deckelknauf, auf dem Deckel Gravur 1).  Deckel innen mit umlaufenden Doppelriefen versehen, in der Mitte ein ungleichmäßig abgeschlagener Stempel. Darüber eingeritzt Monogramm bzw. abgekürzter Name.  Boden des Gefäßes mit Abschneidespuren und Nachbarbeitungsspuren (Stadtmuseum Einbeck)

Gravur:
1) No : 2 2) K. Seb 3) Pferd (Lamm?) mit Fahne, darunter P (?) O ( G?) E (?) (1) auf dem Deckel 2) eingeritzt im Deckel)</marc:subfield>
          </marc:datafield>
          <marc:datafield tag="650" ind1="1" ind2=" ">
            <marc:subfield code="a">Humpen</marc:subfield>
          </marc:datafield>
          <marc:datafield tag="650" ind1="1" ind2=" ">
            <marc:subfield code="a">Behältnis, Hülle &gt; Behältnis &gt; Gefäß &gt; Becher &gt; Humpen</marc:subfield>
          </marc:datafield>
          <marc:datafield tag="650" ind1="1" ind2=" ">
            <marc:subfield code="a">Gebrauchsgegenstand</marc:subfield>
          </marc:datafield>
          <marc:datafield tag="773" ind1="0" ind2=" ">
            <marc:subfield code="t">Sammlung Biergeschichte</marc:subfield>
          </marc:datafield>
          <marc:datafield tag="852" ind1=" " ind2=" ">
            <marc:subfield code="a">Stadtmuseum Einbeck</marc:subfield>
          </marc:datafield>
          <marc:datafield tag="" ind1=" " ind2=" ">
            <marc:subfield code="a">Namensnennung - Weitergabe unter gleichen Bedingungen 4.0 International (CC BY-SA 4.0)</marc:subfield>
          </marc:datafield>
        </marc:record>
      </metadata>
    </record>
  </GetRecord>
</OAI-PMH>
